<?xml version="1.0" encoding="UTF-8"?><?xml-stylesheet type="text/xsl" href="static/style.xsl"?><OAI-PMH xmlns="http://www.openarchives.org/OAI/2.0/" xmlns:xsi="http://www.w3.org/2001/XMLSchema-instance" xsi:schemaLocation="http://www.openarchives.org/OAI/2.0/ http://www.openarchives.org/OAI/2.0/OAI-PMH.xsd"><responseDate>2026-04-27T21:30:39Z</responseDate><request verb="GetRecord" identifier="oai:uvadoc.uva.es:10324/891" metadataPrefix="marc">https://uvadoc.uva.es/oai/request</request><GetRecord><record><header><identifier>oai:uvadoc.uva.es:10324/891</identifier><datestamp>2025-02-20T14:01:26Z</datestamp><setSpec>com_10324_30605</setSpec><setSpec>com_10324_894</setSpec><setSpec>col_10324_41</setSpec></header><metadata><record xmlns="http://www.loc.gov/MARC21/slim" xmlns:doc="http://www.lyncode.com/xoai" xmlns:xsi="http://www.w3.org/2001/XMLSchema-instance" xmlns:dcterms="http://purl.org/dc/terms/" xsi:schemaLocation="http://www.loc.gov/MARC21/slim http://www.loc.gov/standards/marcxml/schema/MARC21slim.xsd">
<leader>00925njm 22002777a 4500</leader>
<datafield tag="042" ind1=" " ind2=" ">
<subfield code="a">dc</subfield>
</datafield>
<datafield tag="720" ind1=" " ind2=" ">
<subfield code="a">Redondo García, Marta María</subfield>
<subfield code="e">author</subfield>
</datafield>
<datafield tag="260" ind1=" " ind2=" ">
<subfield code="c">2011</subfield>
</datafield>
<datafield tag="520" ind1=" " ind2=" ">
<subfield code="a">La tesis desarrolla el paradigma del sensacionalismo informativo explicado su aparición, el contexto en que se desarrolla, la evolución que ha experimentado a lo largo del tiempo y las técnicas de obtención de información propias de este modelo. La tesis comienza analizando el ámbito normativo y mercantil en el que se desarrolla la información en España como forma de entender las características del mensaje informativo dominante. Repasa la evolución histórica del sensacionalismo, tanto en EEUU como en España. Realiza una revisión bibliográfica del significado dado al término “sensacionalismo” a lo largo del tiempo. Identifica y estudia los valores-noticia y las técnicas de obtención de información dominantes en el periodismo sensacionalista. Finalmente, analiza un caso periodístico: la desaparición de Madeleine McCann en: El País, El Mundo y ABC para comprobar si un estilo sensacionalista de tratamiento de la información ha penetrado desde los productos populares hasta la prensa de calidad.</subfield>
</datafield>
<datafield tag="024" ind2=" " ind1="8">
<subfield code="a">http://uvadoc.uva.es/handle/10324/891</subfield>
</datafield>
<datafield tag="024" ind2=" " ind1="8">
<subfield code="a">b1629782</subfield>
</datafield>
<datafield tag="024" ind2=" " ind1="8">
<subfield code="a">10.35376/10324/891</subfield>
</datafield>
<datafield ind1=" " ind2=" " tag="653">
<subfield code="a">Medios de comunicación social</subfield>
</datafield>
<datafield ind1=" " ind2=" " tag="653">
<subfield code="a">Prensa</subfield>
</datafield>
<datafield tag="245" ind1="0" ind2="0">
<subfield code="a">El sensacionalismo y su penetración en el sistema mediático español</subfield>
</datafield>
</record></metadata></record></GetRecord></OAI-PMH>